| 000 | 00895cam a22002897a 4500 | ||
|---|---|---|---|
| 001 | 3492345 | ||
| 003 | EG-ScBUE | ||
| 005 | 20220105152813.0 | ||
| 008 | 940228s2001 enk f 000 f eng d | ||
| 020 | _a0007111509 | ||
| 040 |
_aDLC _beng _erda _cDLC _dDLC _dEG-ScBUE |
||
| 082 | 0 | 0 |
_a823.912 _222 _bCHR |
| 100 | 1 |
_aChristie, Agatha, _d1890-1976, _eauthor. _940452 |
|
| 245 | 1 | 0 |
_aPartners in crime / _bAgatha Christie. |
| 264 | 1 |
_aLondon : _bHarper Collins Publishers, _c2001. |
|
| 300 |
_a347 pages ; _c18 cm |
||
| 336 |
_2rdacontent _atext _btxt |
||
| 337 |
_2rdamedia _aunmediated _bn |
||
| 338 |
_2rdacarrier _avolume _bnc |
||
| 500 | _aSource: Copyright deposit, Aug. 12, 1993. | ||
| 650 | 7 |
_aDetective and mystery stories, English. _2BUEsh _934224 |
|
| 651 | _2BUEsh | ||
| 653 |
_bHHUUEENN _cDecember2021 |
||
| 655 |
_vReading book _934232 |
||
| 942 |
_2ddc _cBB |
||
| 999 |
_c10430 _d10430 |
||